000 01069naa a22002897a 4500
001 BR8003836
003 BR-BrBNA
005 20250716093632.0
007 ta
008 250630b bl.|||m| |||| 00| 0 por d
040 _aBR-BrBNA
_bpor
_cBiblioteca Nacional de Agricultura
041 _a(Pt)
072 _aF25; A00
_b3830
_bG514
090 _aF25 BR8003836
100 1 _aMalavolta, E.
245 1 _aO fosforo na agricultura brasileira [Fertilidade do solo; Adubacao; Analise do solo]
500 _aTecnologia de fertilizantes fosfatados Sao Paulo, SP (Brasil): 1980. p. 187-206 [10 illus.; 13 tables; 6 ref.] (BR8003836-AMS)
773 0 _tTecnologia de fertilizantes fosfatados
_wF25 BR8003836
_gSao Paulo, SP (Brasil), 1980. p. 187-206
650 _aFOSFORO
650 _aADUBACAO
650 _aANALISE DO SOLO
650 _aPRATICA CULTURAL
650 _aRENDIMENTO
490 _aPublicacoes Especiais - Instituto de Pesquisas Tecnologicas do Estado de Sao Paulo S.A. (Brazil)
_vno. 9
942 _cAMS
_2AGRIS
909 _a202506
_bLúcia
_c55
_dLúcia Elande
999 _c333562
_d333562